| 000 | 00751nam a2200229 i 4500 | ||
|---|---|---|---|
| 001 | 124537 | ||
| 003 | ES-MaACL | ||
| 005 | 20250813062625.0 | ||
| 007 | t| | ||
| 008 | 070329s1933 sp ||||1| spa d | ||
| 080 | _a91(94+931) | ||
| 100 | 1 |
_aMelón y Ruiz de Gordejuela, Amando, _d1895-1975 _980024 |
|
| 245 | 1 | 0 |
_aGeografía de Australia y Nueva Zelanda / _cAmando Melón R. de Gordejuela. |
| 260 |
_aBarcelona : _bLabor, _c[1933] |
||
| 300 |
_a224 p., XVI p. de lám., 2 map. pleg. : _bil. ; _c17 cm. |
||
| 490 | 1 |
_aColección Labor ; _v321 |
|
| 651 | 4 |
_aAustralia- _xGeografía. _9165154 |
|
| 651 | 4 |
_aNueva Zelanda- _xGeografía. _9165155 |
|
| 830 | 0 | 0 |
_aColección Labor _v321 _9184254 |
| 852 |
_aES-MaACL _jE-2810 |
||
| 999 |
_c124537 _d124537 |
||